The global sports arena : athletic talent migration in an interdependent world

Αποθηκεύτηκε σε:
Λεπτομέρειες βιβλιογραφικής εγγραφής
Άλλοι συγγραφείς: Bale, John (Επιμελητής έκδοσης), Maguire, Joseph A. 1956- (Επιμελητής έκδοσης)
Μορφή: Βιβλίο
Γλώσσα:English
Δημοσίευση: London : Frank Cass, c1994
Θέματα:
Ετικέτες: Προσθήκη ετικέτας
Δεν υπάρχουν, Καταχωρήστε ετικέτα πρώτοι!

MARC

LEADER 00000nam a2200000 i 4500
001 1/14750
008 980512s1994 eng d
020 |a 0-7146-3489-1 
035 |l 10019543 
040 |a GR-MY-UA  |b gre  |e aacr 
041 0 |a eng 
082 0 |a 305.9796 
245 1 4 |a The global sports arena :  |b athletic talent migration in an interdependent world /  |c Edited by John Bale and Joseph Maguire 
260 |a London :   |b Frank Cass,   |c c1994 
300 |a 289 p.  |b fig.; tabl. 
500 |a Papers originally presented during a colloquium at Keele University, April 1991 
504 |a Includes bibliographical references and index 
650 0 0 |a Athletes  |x Relocation  |x Congresses. 
650 0 0 |a Emigration and immigration  |x Congresses. 
700 1 |a Bale, John.  |4 edt 
700 1 |a Maguire, Joseph A.  |d 1956-  |4 edt 
852 |a INST  |b LESVOS  |e 19980512  |h 305.9796 GLO  |p 005100014528  |q 005100014528  |t BK  |y 0 
901 |a BIBL-1998-2 
909 |a Λ  |b 056341 
922 |a 1ΕΛΗ  |b 199805  |c ΚΠΣ/ΤΚ  |d ΠΑΠΑΣΩΤΗΡΙΟΥ 
950 |a 103-1998-03-03